000 01509nam0a2200361 i 4500
001 RU\NLR\bibl\2042560
005 20240921195703.0
010 _a9785984310826
021 _aRU
_b2013-38146
_92619
035 _a(nilc)RuMoRGB-006581954
035 _a(NLR Aleph) 002029826
090 _a4545045
_c4545045
100 _a20130520d2013 u y0rusy50 ca
101 0 _arus
102 _aRU
105 _aa |||||||||
200 1 _aПопулярная история христианства. 20 веков в пути
_eнеоконченная пьеса в 6 действиях с прологом и эпилогом
_fС. В. Санников
210 _aМосква
_cБиблейская лига
_d2013
215 _a478 с.
_cил., цв. ил., портр.
_d28
300 _aВ конце кн. авт.: Санников С.В., преп., пастор, капеллан, д-р служения
517 0 _a20 веков в пути
606 1 _aХристианство
_xИстория
_9892568
_3RU\NLR\auth\66323125
686 _aЭ37-3
700 1 _4070
_aСанников
_bС. В.
_cрелигиозный деятель
_f1950-
_gСергей Викторович
_9160444
_3RU\NLR\AUTH\770160486
801 0 _aRU
_bRuMoRKP
_c20130520
_gRCR
801 2 _aRU
_bРГБ
_c20130531
_grcr
801 1 _aRU
_bRuMoRKP
_c20130520
_2rusmarc
801 2 _aRU
_bNLR
_c20130611
_grcr
942 _cBOOK
980 _aNBR